000 00208 a2200097 4500
001 6727
100 _aThorne, J O
245 _aElementary Statistical Methods
260 _a
_bMethuen
_c
090 _c5578
_d5578
942 _aNUST-CAE
_cM
_c32020
999 _c241800
_d241800